000 00578nam a2200169Ia 4500
008 140609s9999 xx 000 0 und d
020 _a9719267777
050 _aHV 6691
_b.An55 2005
100 _aAng, Armando.
245 _aGreed & scams, Inc. : 
_bcorruption, deception, forgery, fraud, hoax, kickback, quackery, swindle, rip-off, etc. /
_cArmando Ang,
260 _aManila, Philippines :
_bArmando Ang,
_cc2005.
300 _a517 p. :
_bill. ;
_c23 cm.
500 _aIncludes bibliographical references and index.
521 _aGE
942 _kLOC
_cBK
999 _c118139
_d118139